FOOD PRODUCTION THEORY (Record no. 8130)
[ view plain ]
| 000 -LEADER | |
|---|---|
| fixed length control field | 00335nam a22001457a 4500 |
| 020 ## - INTERNATIONAL STANDARD BOOK NUMBER | |
| International Standard Book Number | 978-81-8204-087-8 |
| 082 ## - DEWEY DECIMAL CLASSIFICATION NUMBER | |
| Classification number | 641 |
| Item number | MAN |
| 100 ## - MAIN ENTRY--PERSONAL NAME | |
| Personal name | MANGAL, RAKESH |
| 245 ## - TITLE STATEMENT | |
| Title | FOOD PRODUCTION THEORY |
| 260 ## - PUBLICATION, DISTRIBUTION, ETC. (IMPRINT) | |
| Place of publication, distribution, etc | DELHI |
| Name of publisher, distributor, etc | AMAN PUBLISHER |
| Year of Publication | 2015 |
| 300 ## - PAGE DESCRIPTION | |
| No. of Pages | 412 |
| 650 ## - SUBJECT ADDED ENTRY--TOPICAL TERM | |
| Topical term or geographic name as entry element | FOOD PRODUCTION |
| 653 ## - KEYWORDS--INDEX TERM | |
| Keyword term | FOOD, PRODUCTION |
| 942 ## - ADDED ENTRY ELEMENTS (KOHA) | |
| Source of classification or shelving scheme | Dewey Decimal Classification |
| Koha item type | Books |
| Withdrawn status | Lost status | Source of classification or shelving scheme | Damaged status | Not for loan | Collection code | Home library | Current library | Shelving location | Date acquired | Vendor Name | Cost, normal purchase price | SGTU | Bill Number | Total Checkouts | Full call number | Accession No. (Barcode) | Date last seen | Date last borrowed | Bill Date | Koha item type |
|---|---|---|---|---|---|---|---|---|---|---|---|---|---|---|---|---|---|---|---|---|
| Dewey Decimal Classification | HOTEL MANAGEMENT | SGT Science & Social Sciences Library | SGT Science & Social Sciences Library | Text Book | 13/10/2015 | JINDAL BOOK SERVICE | 400.00 | SGTU | 1775 | 7 | 641 MAN | HM664 | 26/04/2017 | 22/04/2017 | 07/09/2015 | Books | ||||
| Dewey Decimal Classification | HOTEL MANAGEMENT | SGT Science & Social Sciences Library | SGT Science & Social Sciences Library | Text Book | 13/10/2015 | JINDAL BOOK SERVICE | 400.00 | SGTU | 1775 | 4 | 641 MAN | HM665 | 22/03/2019 | 05/03/2019 | 07/09/2015 | Books | ||||
| Dewey Decimal Classification | HOTEL MANAGEMENT | SGT Science & Social Sciences Library | SGT Science & Social Sciences Library | Text Book | 13/10/2015 | JINDAL BOOK SERVICE | 400.00 | SGTU | 1775 | 5 | 641 MAN | HM666 | 28/10/2025 | 28/10/2025 | 07/09/2015 | Books |